000
00294nam a2200097Ia 4500
001
1229566
005
20250827093105.0
008
250824s9999 xx 000 0 und d
245
0
_a
BENİ BURADAN ÇIKARIN
_c
JAMES PATTERSON, CHRIS TEBBETTS
260
_b
ALTIN KİTAPLAR YAYINLARI
999
_c
1229566
_d
1229566